Black Ops 2 Guns Zombies and Multiplayer - Statistics

General Stats
  • This quiz has been taken 52 times
  • The average score is 21 of 39
Answer Stats
Hint Answer % Correct
Sniper Ballista
80%
Sniper Dsr 50
80%
AR An-94
74%
Launcher Rpg
74%
Special Ballistic Knife
67%
AR Fal-OSW
67%
AR MTAR
65%
Shotgun R870 MCS
65%
SMG Peacekeeper
61%
Special Crossbow
59%
LMG LSAT
59%
AR Scar-H
59%
Pistols Five-Seven
57%
LMG HAMR
57%
Shotgun KSG
57%
SMG MP7
57%
SMG PDW-57
57%
Pistols B23R
54%
Pistols Kap-40
54%
AR M27
54%
AR M8A1
54%
SMG MSMC
54%
SMG Skorpion EVO
54%
AR SMR
54%
SMG Chicom CQB
52%
Pistols Executioner
50%
AR Swat-556
48%
SMG Vector K10
46%
Special Assault Shield
43%
AR Type-25
43%
Sniper Xpr-50
43%
Shotgun S12
41%
Pistols Tac-45
41%
Sniper Svu-as
39%
Shotgun M1216
37%
LMG MK 48
37%
Launcher Smaw
28%
LMG QBB-LSW
26%
Launcher FHJ-18 AA
17%
No matching quizzes found
Score Distribution
Percent of People with Each Score
Percentile by Number Answered
Your Score History
You have not taken this quiz